Ros biru

Bibliographic Details
Main Author: Kimberly Ch'ng Poi Hoon
Format: Book
Published: Selangor : Lc Graphic Sdn. Bhd , 2015
Series:Menjelajahi alam bioteknologi
Subjects:

MARC

LEADER 00000cam a2200000 7i4500
001 0000059399
005 20160301.0
008 160202
020 |a 9789679717808(set) 
020 |a 9789679717822 
090 0 0 |a JF   |b MAL 
100 1 |a Kimberly Ch'ng Poi Hoon 
245 1 0 |a Ros biru   |c Kimberly Ch'ng Poi Hoon 
260 |a Selangor :   |b Lc Graphic Sdn. Bhd ,   |c 2015 
490 0 |a Menjelajahi alam bioteknologi 
500 |a Children ages 7-9 years old (orange) 
650 0 |a Malay fiction 
999 |a 0001382117   |b Book   |c Children Collection   |e Cawangan Tangkak 
999 |a 0001382118   |b Book   |c Adult Collection   |e Cawangan Bukit Gambir 
999 |a 0001382119   |b Book   |c Children Collection   |e Cawangan Segamat 
999 |a 0001382121   |b Book   |c Children Collection   |e Cawangan Batu Pahat 
999 |a 0001382122   |b Book   |c Children Collection   |e Cawangan Taman Sri Lambak 
999 |a 0001382123   |b Book   |c Children Collection   |e Cawangan Taman Universiti 
999 |a 0001382124   |b Book   |c Children Collection   |e Cawangan Tmn. Ungku Tun Aminah 
999 |a 0001382125   |b Book   |c Children Collection   |e Cawangan Bandar Penawar 
999 |a 0001382126   |b Book   |c Children Collection   |e Cawangan Mersing 
999 |a 0001382127   |b Book   |c Children Collection   |e Cawangan Sri Merlong 
999 |a 0001382128   |b Book   |c Children Collection   |e Cawangan Pontian 
999 |a 0001382129   |b Book   |c Children Collection   |e Cawangan Kota Tinggi 
999 |a 0001382130   |b Book   |c Children Collection   |e Cawangan Bandar Tenggara 
999 |a 0001383796   |b Book   |c Children Collection   |e Perbadanan Perpustakaan Awam Johor 
999 |a 0001383798   |b Book   |c Children Collection   |e Cawangan Urban Transformation Centre 
999 |a 0001383799   |b Book   |c Children Collection   |e Cawangan Urban Transformation Centre 
999 |a 0001383800   |b Book   |c Children Collection   |e Cawangan Muar 
999 |a 0001383801   |b Book   |c Children Collection   |e Perbadanan Perpustakaan Awam Johor